[Event "GER-chT11-B2 email"]
[Site "GER email"]
[Date "2015.10.15"]
[Round "?.2"]
[White "Schneider, Karl"]
[Black "Klengel, Michael"]
[Result "1/2-1/2"]
[WhiteElo "2311"]
[BlackElo "2305"]
[PlyCount "81"]
[EventDate "2015.??.??"]
[EventType "tourn (corr)"]
[EventRounds "8"]
[EventCountry "GER"]
[SourceTitle "Corr 2017"]
[Source "ChessBase"]
[SourceDate "2017.09.19"]
[SourceVersion "1"]
[SourceVersionDate "2017.09.19"]
[SourceQuality "1"]
[WhiteTeam "SC Zitadelle Spandau III"]
[BlackTeam "Chess Poets Society"]

1. d4 Nf6 2. c4 g6 3. Nf3 Bg7 4. Nc3 d5 5. cxd5 Nxd5 6. e4 Nxc3 7. bxc3 c5 8. Rb1 0-0 9. Be2 cxd4 10. cxd4 Qa5+ 11. Bd2 Qxa2 12. 0-0 Bg4 13. Bg5 h6 14. Be3 Nc6 15. d5 Na5 16. Bc5 b6 17. Bxe7 Rfe8 18. d6 Nc6 19. Bb5 Nxe7 20. h3 Bxf3 21. Qxf3 Qe6 22. Bxe8 Rxe8 23. dxe7 Rxe7 24. Rfd1 Qxe4 25. Qxe4 Rxe4 26. Rd7 Bd4 27. Rxa7 Re2 28. Rf1 h5 29. Ra3 Bc5 30. Rf3 f5 31. h4 Kf7 32. g3 Ke6 33. Rd1 Ra2 34. Kg2 Re2 35. Kf1 Ra2 36. Rd8 Ke7 37. Rc8 Kf7 38. Kg2 Re2 39. Ra8 Rc2 40. Ra4 Ke6 41. Ra1 1/2-1/2

[Event "GER-chT10 LJ-21 Br04 email"]
[Site "GER email"]
[Date "2013.10.04"]
[Round "?"]
[White "Klengel, Michael"]
[Black "Kraft, Dieter"]
[Result "1/2-1/2"]
[WhiteElo "2111"]
[BlackElo "2217"]
[PlyCount "63"]
[EventDate "2013.10.15"]
[EventType "tourn (corr)"]
[EventRounds "8"]
[EventCountry "GER"]
[SourceTitle "Corr 2015"]
[Source "ChessBase"]
[SourceDate "2015.07.17"]
[SourceVersion "1"]
[SourceVersionDate "2015.07.17"]
[SourceQuality "1"]

1. e4 c5 2. Nf3 d6 3. d4 cxd4 4. Nxd4 Nf6 5. Nc3 a6 6. Be3 e5 7. Nf3 Be7 8. Bc4 0-0 9. 0-0 Be6 10. Bb3 Nc6 11. Bg5 Nd7 12. Bxe7 Qxe7 13. Nd5 Qd8 14. Qe2 Nc5 15. Rad1 Rc8 16. h3 Ne7 17. Nc3 Nxb3 18. axb3 f6 19. Rd2 Rc6 20. Ra1 Qb6 21. Rad1 h6 22. Nh4 Qc7 23. Ra1 Rd8 24. g4 d5 25. exd5 Bxd5 26. Rad1 Rcd6 27. Nxd5 Rxd5 28. Nf5 Rxd2 29. Rxd2 Rxd2 30. Nxe7+ Kf7 31. Qxd2 Kxe7 32. Qd5 1/2-1/2

[Event "GER-chT9 LI-22 Br04 email"]
[Site "GER email"]
[Date "2011.10.17"]
[Round "?"]
[White "Klengel, Michael"]
[Black "Schwenk, Heinrich"]
[Result "1-0"]
[WhiteElo "2113"]
[BlackElo "1852"]
[PlyCount "59"]
[EventDate "2011.10.23"]
[EventType "tourn (corr)"]
[EventRounds "8"]
[EventCountry "GER"]
[SourceTitle "Corr 2015"]
[Source "ChessBase"]
[SourceDate "2015.07.17"]
[SourceVersion "1"]
[SourceVersionDate "2015.07.17"]
[SourceQuality "1"]

1. e4 c6 2. d4 d5 3. e5 Bf5 4. Nf3 e6 5. Be2 c5 6. Be3 cxd4 7. Nxd4 Ne7 8. Nd2 Nbc6 9. N2f3 Be4 10. 0-0 Ng6 11. Bb5 Qc7 12. Ng5 Ngxe5 13. f4 Nd7 14. Nxe4 dxe4 15. f5 e5 16. Bxc6 bxc6 17. Ne6 fxe6 18. Qh5+ g6 19. fxg6 0-0-0 20. Rf7 Qb8 21. Rd1 Bc5 22. Bxc5 hxg6 23. Qxh8 Rxh8 24. Rdxd7 Qxb2 25. h3 Rd8 26. Rxa7 Kb8 27. Ra6 Qc3 28. Bb6 Qc4 29. Ra3 Rd1+ 30. Kh2 1-0

[Event "GER-chT9 LI-22 Br04 email"]
[Site "GER email"]
[Date "2011.10.17"]
[Round "?"]
[White "Klengel, Michael"]
[Black "Wallinger, Manfred"]
[Result "1-0"]
[WhiteElo "2113"]
[BlackElo "2070"]
[PlyCount "63"]
[EventDate "2011.10.23"]
[EventType "tourn (corr)"]
[EventRounds "8"]
[EventCountry "GER"]
[SourceTitle "Corr 2015"]
[Source "ChessBase"]
[SourceDate "2015.07.17"]
[SourceVersion "1"]
[SourceVersionDate "2015.07.17"]
[SourceQuality "1"]

1. e4 d5 2. exd5 Qxd5 3. Nf3 Nf6 4. d4 Bg4 5. Be2 Nc6 6. 0-0 0-0-0 7. Be3 Bxf3 8. Bxf3 Qb5 9. Nc3 Qc4 10. Be2 Qe6 11. Qd3 Qd7 12. Rad1 e6 13. Bf3 Nb4 14. Qc4 Nbd5 15. Bd2 c6 16. a4 Kb8 17. a5 Bd6 18. a6 b6 19. Ne2 Ne7 20. Qb3 Bc7 21. c4 Nf5 22. g3 h5 23. Qa4 Ne7 24. h4 Ne8 25. Bg5 f6 26. Bc1 g6 27. Rfe1 Ng7 28. Bg2 Bd6 29. Nc3 Kc8 30. Ne4 Rdf8 31. Nxd6+ Qxd6 32. c5 1-0

[Event "GER-chT9 LI-22 Br04 email"]
[Site "GER email"]
[Date "2011.10.17"]
[Round "?"]
[White "Schmitz, Andre"]
[Black "Klengel, Michael"]
[Result "1/2-1/2"]
[WhiteElo "2050"]
[BlackElo "2113"]
[PlyCount "139"]
[EventDate "2011.10.23"]
[EventType "tourn (corr)"]
[EventRounds "8"]
[EventCountry "GER"]
[SourceTitle "Corr 2015"]
[Source "ChessBase"]
[SourceDate "2015.07.17"]
[SourceVersion "1"]
[SourceVersionDate "2015.07.17"]
[SourceQuality "1"]

1. e4 e5 2. Nf3 Nf6 3. Nxe5 d6 4. Nf3 Nxe4 5. d4 d5 6. Bd3 Nc6 7. 0-0 Be7 8. c4 Nb4 9. Be2 0-0 10. Nc3 Bf5 11. a3 Nxc3 12. bxc3 Nc6 13. Re1 Re8 14. Bf4 dxc4 15. Bxc4 Bd6 16. Rxe8+ Qxe8 17. Ng5 Bg6 18. Bxd6 cxd6 19. Qd2 Qd7 20. Ba2 Re8 21. Nh3 Bf5 22. Nf4 Na5 23. h3 Kf8 24. g4 Be4 25. Re1 Bc6 26. Nd5 Rxe1+ 27. Qxe1 Qe8 28. Qxe8+ Kxe8 29. Kg2 Kd7 30. Kg3 Ba4 31. Ne3 Bb3 32. Bb1 g6 33. Kf4 f6 34. Bd3 Ke6 35. h4 Kf7 36. Ke4 Ba4 37. h5 Bb3 38. h6 Be6 39. f4 Bb3 40. Kf3 Nc6 41. Be4 Nd8 42. f5 g5 43. Ke2 Ba4 44. c4 Bc6 45. Nd5 Ba4 46. Kd3 Bc6 47. Ke3 Ba4 48. Bf3 Bc6 49. Ke2 Bd7 50. Ke3 Bc6 51. Be4 Bd7 52. Nc3 Ke7 53. Bd5 Bc6 54. Bg8 Bg2 55. Nd5+ Bxd5 56. Bxd5 Kf8 57. Ke4 Nc6 58. Kd3 Nd8 59. Ke3 Nc6 60. Ke4 a6 61. a4 a5 62. Kd3 Nb4+ 63. Kc3 b6 64. Be6 Nc6 65. Kd3 Nb4+ 66. Ke3 Nc2+ 67. Ke4 Nb4 68. Ke3 Nc2+ 69. Kd3 Nb4+ 70. Ke3 1/2-1/2

[Event "GER-chT9 LI-22 Br04 email"]
[Site "GER email"]
[Date "2011.10.17"]
[Round "?"]
[White "Toedter, Hans Peter"]
[Black "Klengel, Michael"]
[Result "1/2-1/2"]
[WhiteElo "1852"]
[BlackElo "2113"]
[PlyCount "77"]
[EventDate "2011.10.23"]
[EventType "tourn (corr)"]
[EventRounds "8"]
[EventCountry "GER"]
[SourceTitle "Corr 2015"]
[Source "ChessBase"]
[SourceDate "2015.07.17"]
[SourceVersion "1"]
[SourceVersionDate "2015.07.17"]
[SourceQuality "1"]

1. d4 Nf6 2. c4 g6 3. Nc3 d5 4. Nf3 Bg7 5. Qb3 dxc4 6. Qxc4 0-0 7. e4 Nc6 8. Be2 Bg4 9. d5 Na5 10. Qa4 Bxf3 11. Bxf3 c6 12. 0-0 b5 13. Qb4 a6 14. Bg5 h6 15. Be3 cxd5 16. exd5 Rc8 17. b3 Nb7 18. Rac1 Nd6 19. Qa3 a5 20. Ne2 Rxc1 21. Qxc1 Nf5 22. Nd4 Nh4 23. Rd1 Nxf3+ 24. Nxf3 Nxd5 25. Bxh6 e6 26. Bxg7 Kxg7 27. g3 Qf6 28. Kg2 b4 29. Rd4 Rd8 30. Rh4 Rh8 31. Rxh8 Kxh8 32. Qc5 Qf5 33. Qc4 g5 34. h4 gxh4 35. Qxh4+ Kg7 36. Qd4+ Kf8 37. Qh8+ Ke7 38. Qb8 f6 39. Qb7+ 1/2-1/2

[Event "Moehnesee Cup-A 37th"]
[Site "Moehnesee"]
[Date "2011.09.04"]
[Round "6"]
[White "Markert, Dirk"]
[Black "Klengel, Michael"]
[Result "1-0"]
[WhiteElo "1935"]
[BlackElo "2271"]
[PlyCount "117"]
[EventDate "2011.09.01"]
[EventType "swiss"]
[EventRounds "7"]
[EventCountry "GER"]
[SourceTitle "EXT 2013"]
[Source "ChessBase"]
[SourceDate "2012.11.22"]
[SourceVersion "1"]
[SourceVersionDate "2012.11.22"]
[SourceQuality "1"]

1. e4 c6 2. d4 d5 3. exd5 cxd5 4. c4 Nf6 5. Nc3 Nc6 6. Nf3 Bg4 7. Be3 e6 8. c5 Be7 9. Be2 0-0 10. 0-0 Ne4 11. Rc1 f5 12. Bf4 Bf6 13. Nb5 Bxf3 14. Bxf3 Rf7 15. Be3 Be7 16. g3 a6 17. Nc3 Bf6 18. Ne2 g5 19. Bg2 g4 20. Nf4 Ng5 21. a3 Qd7 22. Qd3 h6 23. Rcd1 Rh7 24. Rfe1 Re8 25. b4 h5 26. Qb3 Ne4 27. a4 h4 28. Re2 hxg3 29. fxg3 Qg7 30. Qb2 Kf7 31. b5 axb5 32. axb5 Na5 33. Qb4 Nc4 34. Bxe4 fxe4 35. c6 b6 36. Ra1 Kg8 37. Rd1 Qh8 38. Qc3 Kf7 39. Rf2 Kg8 40. Ne2 Qg7 41. Rdf1 Nxe3 42. Qxe3 Bg5 43. Nf4 e5 44. dxe5 Qxe5 45. Qxb6 e3 46. Re2 d4 47. Rd1 Rd8 48. Nd3 Qf5 49. Qc5 Rd5 50. Qc4 Kg7 51. c7 Rh8 52. b6 Qf3 53. Rde1 Bh4 54. c8Q Rxc8 55. Qxc8 Bxg3 56. hxg3 Rh5 57. Qc7+ Kg8 58. Rh2 Rf5 59. b7 1-0

[Event "GER-chT8 LH-23 Br2 email"]
[Site "GER email"]
[Date "2009.10.09"]
[Round "?"]
[White "Ness, Heiko"]
[Black "Klengel, Michael"]
[Result "1-0"]
[WhiteElo "2221"]
[BlackElo "2140"]
[PlyCount "93"]
[EventDate "2009.10.15"]
[EventType "tourn (corr)"]
[EventRounds "8"]
[EventCountry "GER"]
[SourceTitle "Corr 2020"]
[Source "ChessBase"]
[SourceDate "2019.09.30"]
[SourceVersion "1"]
[SourceVersionDate "2019.09.30"]
[SourceQuality "1"]

1. e4 e5 2. Nf3 Nc6 3. Bb5 a6 4. Ba4 Nf6 5. 0-0 Be7 6. Re1 b5 7. Bb3 d6 8. c3 0-0 9. h3 Na5 10. Bc2 c5 11. d4 Qc7 12. Nbd2 Nc6 13. d5 Nd8 14. a4 Rb8 15. b4 Bd7 16. bxc5 Qxc5 17. axb5 axb5 18. Ba3 Qxc3 19. Re3 Qc7 20. Bb4 Rc8 21. Rc3 Qb6 22. Rxc8 Bxc8 23. Bd3 Nd7 24. Qc2 Nc5 25. Bxc5 dxc5 26. Rb1 Qc7 27. Bxb5 f6 28. Nc4 Nf7 29. Nfd2 Nd6 30. Nxd6 Bxd6 31. Nc4 f5 32. Ba4 Ba6 33. Nxd6 Qxd6 34. exf5 Bc8 35. g4 h5 36. Bc6 Rd8 37. Rb5 c4 38. Ra5 Qb4 39. Ra4 Qe1+ 40. Kg2 c3 41. Ra3 hxg4 42. hxg4 Qd2 43. Rxc3 Qxc2 44. Rxc2 g6 45. Re2 gxf5 46. g5 e4 47. Kg3 1-0

[Event "GER-chT8 LH-23 Br2 email"]
[Site "GER email"]
[Date "2009.10.09"]
[Round "?"]
[White "Starke, Heiko"]
[Black "Klengel, Michael"]
[Result "1-0"]
[WhiteElo "2228"]
[BlackElo "2140"]
[PlyCount "63"]
[EventDate "2009.10.15"]
[EventType "tourn (corr)"]
[EventRounds "8"]
[EventCountry "GER"]
[SourceTitle "Corr 2020"]
[Source "ChessBase"]
[SourceDate "2019.09.30"]
[SourceVersion "1"]
[SourceVersionDate "2019.09.30"]
[SourceQuality "1"]

1. e4 e5 2. Nf3 Nc6 3. Bc4 Bc5 4. b4 Bxb4 5. c3 Ba5 6. d4 exd4 7. 0-0 Nge7 8. Ba3 0-0 9. cxd4 d6 10. d5 Nb8 11. Nbd2 Nd7 12. Bb3 Ng6 13. Nc4 Bb6 14. Bb2 Re8 15. Re1 Bc5 16. Qd2 Nde5 17. Nfxe5 Nxe5 18. Rac1 Nxc4 19. Rxc4 a5 20. e5 b5 21. Rc3 Bf5 22. e6 Bg6 23. Rg3 Re7 24. Re2 Qf8 25. Bc2 Rae8 26. h4 fxe6 27. dxe6 Bxc2 28. Qxc2 Qf4 29. Qc3 Qh6 30. Rg5 Rf8 31. g3 a4 32. a3 1-0

[Event "GER-ch41 V07 serv"]
[Site "GER email"]
[Date "2009.05.04"]
[Round "?"]
[White "Fritsche, Frank"]
[Black "Klengel, Michael"]
[Result "1-0"]
[WhiteElo "2123"]
[BlackElo "2187"]
[PlyCount "91"]
[EventDate "2009.05.11"]
[EventType "tourn (corr)"]
[EventRounds "10"]
[EventCountry "GER"]
[SourceTitle "Corr 2013"]
[Source "ChessBase"]
[SourceDate "2012.11.12"]
[SourceVersion "1"]
[SourceVersionDate "2012.11.12"]
[SourceQuality "1"]

1. e4 c5 2. Nc3 Nc6 3. g3 g6 4. Bg2 Bg7 5. d3 d6 6. f4 e6 7. Nf3 Nge7 8. 0-0 0-0 9. Be3 b6 10. Bf2 Bb7 11. Qd2 Qd7 12. d4 Rad8 13. Rad1 Qc8 14. Nb5 a6 15. Na3 cxd4 16. Nxd4 b5 17. c3 f5 18. Nac2 Na5 19. exf5 Bxg2 20. Kxg2 gxf5 21. Kg1 Rde8 22. Ne3 Nb7 23. Nb3 Rf6 24. Rc1 Rh6 25. c4 b4 26. c5 d5 27. Qxb4 Bxb2 28. Rb1 Bg7 29. Nd2 Nd8 30. Nf3 Nec6 31. Qa4 a5 32. Rb6 Re7 33. Nc2 Rc7 34. Ncd4 Qd7 35. Kg2 Rf6 36. Nb5 Rc8 37. Nd6 Rc7 38. Nd4 Rf8 39. N4b5 Na7 40. Qxa5 Nxb5 41. Nxb5 Rc8 42. Qa7 Rf7 43. Qxd7 Rxd7 44. Rc1 Nc6 45. Nd6 Rcc7 46. a4 1-0

[Event "GER-ch41 V07 serv"]
[Site "GER email"]
[Date "2009.05.04"]
[Round "?"]
[White "Kregelin, Jan"]
[Black "Klengel, Michael"]
[Result "1/2-1/2"]
[WhiteElo "2168"]
[BlackElo "2187"]
[PlyCount "79"]
[EventDate "2009.05.11"]
[EventType "tourn (corr)"]
[EventRounds "10"]
[EventCountry "GER"]
[SourceTitle "Corr 2013"]
[Source "ChessBase"]
[SourceDate "2012.11.12"]
[SourceVersion "1"]
[SourceVersionDate "2012.11.12"]
[SourceQuality "1"]

1. d4 Nf6 2. c4 c6 3. Nc3 d5 4. e3 e6 5. Nf3 Nbd7 6. Qc2 Bd6 7. Bd3 0-0 8. 0-0 dxc4 9. Bxc4 a6 10. Rd1 b5 11. Be2 Qc7 12. Ne4 Nxe4 13. Qxe4 Be7 14. Bd2 Bb7 15. Rac1 c5 16. Qb1 Qb6 17. dxc5 Nxc5 18. Bc3 Be4 19. Qa1 b4 20. Bd4 Rac8 21. Nd2 Bd5 22. b3 f6 23. e4 Ba8 24. Nc4 Qb8 25. f3 Nd7 26. Kh1 Rfd8 27. e5 Bd5 28. Qb2 Rf8 29. exf6 Bxf6 30. Qd2 Bxd4 31. Qxd4 Rcd8 32. Rd2 Nf6 33. Qe5 Qb5 34. Qe3 Rc8 35. Rdc2 Qb8 36. Qb6 Qf4 37. Ne3 Nd7 38. Qa7 Ra8 39. Qxd7 Qxe3 40. Rc7 1/2-1/2

[Event "GER-ch41 V07 serv"]
[Site "GER email"]
[Date "2009.05.04"]
[Round "?"]
[White "Welle, Bernd"]
[Black "Klengel, Michael"]
[Result "1-0"]
[WhiteElo "2071"]
[BlackElo "2187"]
[PlyCount "107"]
[EventDate "2009.05.11"]
[EventType "tourn (corr)"]
[EventRounds "10"]
[EventCountry "GER"]
[SourceTitle "Corr 2013"]
[Source "ChessBase"]
[SourceDate "2012.11.12"]
[SourceVersion "1"]
[SourceVersionDate "2012.11.12"]
[SourceQuality "1"]

1. d4 Nf6 2. c4 c6 3. Nf3 d5 4. Nc3 dxc4 5. a4 Bf5 6. Ne5 Nbd7 7. Nxc4 Qc7 8. g3 e5 9. dxe5 Nxe5 10. Bf4 Nfd7 11. Bg2 g5 12. Nxe5 gxf4 13. Nxd7 0-0-0 14. Qd4 Qxd7 15. Qxf4 Bd6 16. Qh6 Be5 17. 0-0 Qe6 18. Qe3 Bd4 19. Qc1 Kb8 20. b4 Rd6 21. b5 Rc8 22. Qa3 Qe5 23. Rac1 Bc5 24. Qa1 cxb5 25. Nxb5 Qxa1 26. Rxa1 Rdd8 27. e3 a6 28. Nc3 Bd3 29. Rfd1 Bxe3 30. fxe3 Rxc3 31. Be4 Rd7 32. Bxh7 f5 33. Bg8 Rd8 34. Ba2 Re8 35. Re1 Re5 36. Bb1 Bxb1 37. Raxb1 Rc4 38. Kf2 Rxa4 39. h4 Re6 40. Rh1 Kc7 41. Rhc1+ Kd6 42. Rxb7 Ke5 43. Kf3 Ra3 44. Rf7 a5 45. h5 a4 46. Rb1 Rb3 47. Rxb3 axb3 48. Rb7 Kf6 49. Rxb3 Kg5 50. Rb5 Kf6 51. g4 fxg4+ 52. Kf4 g3 53. Rf5+ Kg7 54. Rg5+ 1-0